Statistics for BTS FACTS

Click here to take the quiz!

General Stats

  • This quiz has been taken 1,728 times
  • The average score is 14 of 17

Answer Stats

QuestionAnswer% Correct
Who is the oldest memberJin
97%
Who is the group leaderRM
97%
Which member learned English from friendsRM
96%
Who is the sunshine of the groupJ-hope
95%
Who was a ballerina before he started BtsJimin
94%
Which member is known for his absJimin
93%
Who originally wanted to be an actorJin
93%
Who wants to be a rock in his next lifeSuga
93%
Which member is known for his blank stareV
89%
Which member covered Nothing like us and Paper heartsJungkook
88%
Who is known for his blank stareV
85%
What is Suga's rap album calledAgust D
78%
What is j-hope's albumHope world
76%
What is Jungkook's zodiac signVirgo
75%
What is V's BirthdayDecember 30th, 1995
66%
What was Bts's debut dateJune 13, 2013
64%
What is the English meaning of BTSBullet proof boyscouts
57%

Score Distribution

Percentile by Number Answered

Percent of People with Each Score

Your Score History

You have not taken this quiz